Suburbs of The Hills District - Sydney - Statistics

General Stats
  • This quiz has been taken 18 times
  • The average score is 16 of 34
Answer Stats
Postcode Suburb % Correct
2153 Baulkham Hills
86%
2154 Castle Hill
86%
2158 Dural
79%
2155 Kellyville
79%
2153 Norwest
79%
2126 Cherrybrook
71%
2159 Arcadia
64%
2155 North Kellyville
64%
2155 Rouse Hill
64%
2153 Bella Vista
57%
2158 Middle Dural
57%
2125 West Pennant Hills
57%
2159 Galston
50%
2156 Glenhaven
50%
2156 Kenthurst
50%
2765 Maraylya
50%
2756 Maroota
50%
2155 Beaumont Hills
43%
2765 Box Hill
43%
2118 Carlingford
43%
2157 Glenorie
43%
2775 Wisemans Ferry
43%
2157 Canoelands
36%
2765 Gables
36%
2153 Winston Hills
36%
2156 Annagrove
29%
2756 Cattai
29%
2765 Nelson
29%
2756 South Maroota
29%
2756 Leets Vale
21%
2756 Lower Portland
21%
2151 North Rocks
21%
2768 Glenwood
14%
2756 Sackvillle North
14%
No matching quizzes found
Score Distribution
Percent of People with Each Score
Percentile by Number Answered
Your Score History
You have not taken this quiz